000 00347nam a2200145Ia 4500
008 230718s9999 xx 000 0 und d
041 _aEng.
082 _a348022
_bGHU-I
100 _aGhumam, Muhammad Auncer
245 0 _aInterpretation of Status
260 _aPakistan
_bKausal brothers
_c1960
300 _a130
650 _aLaw
999 _c28226
_d28226